[Event "Aragon-chT Preferente Gr I"]
[Site "Aragon"]
[Date "2022.03.26"]
[Round "9.40"]
[White "Martinez Blanco, Ruben"]
[Black "Gonzalez Azuara, Javier"]
[Result "0-1"]
[WhiteElo "1051"]
[BlackElo "1704"]
[PlyCount "72"]
[EventDate "2022.01.29"]
[EventType "team-tourn"]
[EventRounds "9"]
[EventCountry "ESP"]
[SourceTitle "EXT 2024"]
[Source "ChessBase"]
[SourceDate "2023.10.10"]
[SourceVersion "1"]
[SourceVersionDate "2023.10.10"]
[SourceQuality "1"]
[WhiteTeam "Delicias II"]
[BlackTeam "Helios II"]
[WhiteTeamCountry "ESP"]
[BlackTeamCountry "ESP"]

1. d4 d5 2. Nf3 Nf6 3. g3 Bf5 4. Bg2 h6 5. 0-0 e6 6. c4 c6 7. Nbd2 Be7 8. a3 0-0 9. cxd5 cxd5 10. Ne5 Nbd7 11. Ndf3 Qb6 12. b3 Rac8 13. Bf4 Bc2 14. Qd2 Qxb3 15. g4 Bxa3 16. Qa5 Bb2 17. Ra2 Bc3 18. Qxa7 Ra8 19. Qxa8 Rxa8 20. Rxa8+ Kh7 21. g5 Nxe5 22. Bxe5 hxg5 23. Nxg5+ Kg6 24. Nh3 Qc4 25. Nf4+ Kh7 26. Rf8 Nd7 27. Rxf7 Nxe5 28. dxe5 Kg8 29. Rxb7 Qxf4 30. Rc7 Bxe5 31. Rc8+ Kh7 32. f3 Qxh2+ 33. Kf2 Bg3+ 34. Ke3 Qxg2 35. Ra1 Qf2+ 36. Kd2 Qd4+ 0-1

[Event "Aragon-chT Preferente"]
[Site "Aragon"]
[Date "2021.04.17"]
[Round "5.40"]
[White "Marco Gines, Emilio"]
[Black "Gonzalez Azuara, Javier"]
[Result "0-1"]
[WhiteElo "1425"]
[BlackElo "1715"]
[PlyCount "76"]
[EventDate "2021.03.13"]
[EventType "team-tourn"]
[EventRounds "9"]
[EventCountry "ESP"]
[SourceTitle "EXT 2024"]
[Source "ChessBase"]
[SourceDate "2023.10.10"]
[SourceVersion "1"]
[SourceVersionDate "2023.10.10"]
[SourceQuality "1"]
[WhiteTeam "Delicias II"]
[BlackTeam "Helios II"]
[WhiteTeamCountry "ESP"]
[BlackTeamCountry "ESP"]

1. e4 e6 2. d3 d5 3. Nd2 Nf6 4. Ngf3 Bb4 5. c3 Ba5 6. g3 0-0 7. Bg2 dxe4 8. dxe4 Qd3 9. Bf1 Qd8 10. Bg2 Bd7 11. 0-0 Bc6 12. Re1 Bb6 13. h3 a5 14. Ne5 Be8 15. Ndc4 Qxd1 16. Rxd1 Bc5 17. Be3 Be7 18. a4 Nc6 19. f4 Nxe5 20. Nxe5 Bd6 21. Nc4 Be7 22. e5 Nh5 23. Kh2 f5 24. g4 fxg4 25. hxg4 Nxf4 26. Bxb7 Rb8 27. Nxa5 c5 28. Rd2 Ng6 29. Be4 Nxe5 30. Kg3 Rf7 31. Rh1 g6 32. b3 Bd8 33. Nc4 Nxc4 34. bxc4 Bc7+ 35. Kg2 Rb3 36. Rd3 Rb2+ 37. Kg1 Bxa4 38. Rh3 Bc2 0-1

[Event "Aragon-chT Preferente"]
[Site "Aragon"]
[Date "2021.04.10"]
[Round "4.35"]
[White "Torcal Miguel, Paula"]
[Black "Gonzalez Azuara, Javier"]
[Result "0-1"]
[WhiteElo "1587"]
[BlackElo "1715"]
[PlyCount "60"]
[EventDate "2021.03.13"]
[EventType "team-tourn"]
[EventRounds "9"]
[EventCountry "ESP"]
[SourceTitle "EXT 2024"]
[Source "ChessBase"]
[SourceDate "2023.10.10"]
[SourceVersion "1"]
[SourceVersionDate "2023.10.10"]
[SourceQuality "1"]
[WhiteTeam "IberCaja II"]
[BlackTeam "Helios II"]
[WhiteTeamCountry "ESP"]
[BlackTeamCountry "ESP"]

1. e4 e6 2. d4 d5 3. exd5 exd5 4. Bd3 Nf6 5. Bg5 Be7 6. Nc3 0-0 7. Nge2 c6 8. Qd2 Bg4 9. f3 Bh5 10. g4 Bg6 11. 0-0-0 Nbd7 12. Rde1 b5 13. Ng3 Re8 14. Nd1 Nf8 15. Ne3 Ne6 16. Nef5 Nxg5 17. Nxe7+ Rxe7 18. Qxg5 Rxe1+ 19. Rxe1 Bxd3 20. cxd3 h6 21. Qd2 Qb6 22. Nf5 Re8 23. Rg1 Nh7 24. h4 Re6 25. f4 Qd8 26. h5 Qe8 27. Qf2 Re2 28. Qg3 Qf8 29. g5 Qb4 30. Nxh6+ Kf8 0-1

[Event "Aragon-chT Preferente Gr II"]
[Site "Aragon"]
[Date "2020.03.07"]
[Round "7.65"]
[White "Gonzalez Azuara, Javier"]
[Black "Garcia Andres, Daniel"]
[Result "1/2-1/2"]
[WhiteElo "1722"]
[BlackElo "2029"]
[PlyCount "65"]
[EventDate "2020.01.25"]
[EventType "team-tourn"]
[EventRounds "7"]
[EventCountry "ESP"]
[SourceTitle "EXT 2024"]
[Source "ChessBase"]
[SourceDate "2023.10.10"]
[SourceVersion "1"]
[SourceVersionDate "2023.10.10"]
[SourceQuality "1"]
[WhiteTeam "Helios II"]
[BlackTeam "St Casablanca III"]
[WhiteTeamCountry "ESP"]
[BlackTeamCountry "ESP"]

1. d4 c5 2. e3 e6 3. Nf3 Nf6 4. Bd3 Nc6 5. 0-0 Qc7 6. c4 b6 7. Nc3 Bb7 8. Nb5 Qb8 9. a3 a6 10. Nc3 Bd6 11. Na4 Qc7 12. Bd2 0-0 13. Qb3 cxd4 14. exd4 b5 15. cxb5 axb5 16. Bxb5 Bxh2+ 17. Nxh2 Nxd4 18. Qb4 Nxb5 19. Qxb5 Bc6 20. Qb6 Qd6 21. Bb4 Qd5 22. Nf3 Rfb8 23. Qe3 Rxa4 24. Rfd1 Qh5 25. Qe5 Qxe5 26. Nxe5 Bd5 27. Rac1 Ra7 28. Rd3 h6 29. Rdc3 Raa8 30. Rc7 Rd8 31. Be7 Rdb8 32. Bb4 Rd8 33. Be7 1/2-1/2

[Event "Aragon-chT Preferente Gr-II"]
[Site "Aragon"]
[Date "2020.02.15"]
[Round "4.65"]
[White "Gonzalez Azuara, Javier"]
[Black "Solanas Esteban, Hector"]
[Result "0-1"]
[WhiteElo "1722"]
[BlackElo "1646"]
[PlyCount "94"]
[EventDate "2020.01.25"]
[EventType "team-tourn"]
[EventRounds "9"]
[EventCountry "ESP"]
[SourceTitle "EXT 2022"]
[Source "ChessBase"]
[SourceDate "2021.10.06"]
[SourceVersion "1"]
[SourceVersionDate "2021.10.06"]
[SourceQuality "1"]
[WhiteTeam "Helios II"]
[BlackTeam "Tauste"]
[WhiteTeamCountry "ESP"]
[BlackTeamCountry "ESP"]

1. d4 d5 2. Nf3 Nf6 3. e3 Bf5 4. Ne5 Nbd7 5. Nxd7 Qxd7 6. Nd2 e6 7. b3 Bb4 8. Bd3 Ne4 9. 0-0 Nxd2 10. Bxd2 Bxd2 11. Qxd2 Bxd3 12. Qxd3 h5 13. c4 g5 14. f4 gxf4 15. Rxf4 0-0-0 16. Raf1 f5 17. c5 Rhg8 18. R1f2 Rg4 19. Rxg4 hxg4 20. g3 a6 21. b4 Qb5 22. Rd2 Qxb4 23. Qe2 Qb1+ 24. Rd1 Qb5 25. Qf2 Rf8 26. Qc2 Qd7 27. Rb1 c6 28. a4 Rf7 29. Qb3 Qc7 30. Qb6 Qxb6 31. Rxb6 a5 32. Kg2 e5 33. Rb2 f4 34. gxf4 exf4 35. Rf2 f3+ 36. Kg3 Rg7 37. Rf1 Kd7 38. h3 gxh3+ 39. Kxh3 Rg2 40. Rxf3 Ra2 41. Rf7+ Kc8 42. Kg4 Rxa4 43. Kf5 Ra3 44. Ke6 Rxe3+ 45. Kd6 Kb8 46. Rf2 a4 47. Ra2 a3 0-1

[Event "Pontevedra op-B 6th"]
[Site "Pontevedra"]
[Date "2018.08.10"]
[Round "3"]
[White "Gonzalez Azuara, Javier"]
[Black "Martinez Perez, Daniel"]
[Result "1/2-1/2"]
[WhiteElo "1680"]
[BlackElo "1402"]
[PlyCount "75"]
[EventDate "2018.08.08"]
[EventType "swiss"]
[EventRounds "9"]
[EventCountry "ESP"]
[SourceTitle "CBM 186 Extra"]
[Source "ChessBase"]
[SourceDate "2018.08.24"]
[SourceVersion "1"]
[SourceVersionDate "2018.08.24"]
[SourceQuality "1"]

1. d4 Nf6 2. Bg5 e6 3. e4 Be7 4. Bd3 d5 5. e5 Nfd7 6. Bxe7 Qxe7 7. c3 c5 8. Nf3 Nc6 9. 0-0 cxd4 10. cxd4 f6 11. Re1 f5 12. a3 Nf8 13. Nc3 a6 14. Rc1 Ng6 15. Qd2 0-0 16. Na4 Nh4 17. Nxh4 Qxh4 18. Nb6 Rb8 19. Bxa6 Nxd4 20. Rxc8 Rbxc8 21. Nxc8 Rxc8 22. Bd3 Qg4 23. Be2 Nxe2+ 24. Rxe2 Qxe2 25. Qxe2 Rc1+ 26. Qf1 Rxf1+ 27. Kxf1 Kf7 28. Ke2 Ke7 29. Kd3 Kd7 30. Kd4 Kc6 31. a4 g5 32. b4 h5 33. f3 f4 34. h3 h4 35. Kc3 Kb6 36. Kb3 Kc6 37. Kc2 Kb6 38. Kc3 1/2-1/2

[Event "Aragon-chT Preferente A"]
[Site "Aragon"]
[Date "2014.02.15"]
[Round "4.48"]
[White "Landa Galindo, Victor"]
[Black "Gonzalez Azuara, Javier"]
[Result "1-0"]
[WhiteElo "1904"]
[BlackElo "1672"]
[PlyCount "61"]
[EventDate "2014.01.25"]
[EventType "team-tourn"]
[EventRounds "9"]
[EventCountry "ESP"]
[SourceTitle "EXT 2015"]
[Source "ChessBase"]
[SourceDate "2014.11.20"]
[SourceVersion "1"]
[SourceVersionDate "2014.11.20"]
[SourceQuality "1"]
[WhiteTeam "La Aurora Estadilla II"]
[BlackTeam "Helios II"]
[WhiteTeamCountry "ESP"]
[BlackTeamCountry "ESP"]

1. e4 e6 2. d4 d5 3. Nc3 Be7 4. Bd3 Nf6 5. e5 Nfd7 6. Nce2 c5 7. c3 Nc6 8. f4 Qb6 9. Nf3 f5 10. 0-0 a5 11. Kh1 Qa7 12. Bb5 a4 13. Be3 c4 14. a3 Qa5 15. Bxc6 bxc6 16. Qc2 Rb8 17. Rad1 Ba6 18. Ng5 Bxg5 19. fxg5 Qb5 20. Bc1 c5 21. Rf4 Rb6 22. h3 Nb8 23. g4 g6 24. gxf5 gxf5 25. Rh4 cxd4 26. Nxd4 Qd7 27. Rh6 Bc8 28. Nxf5 0-0 29. Nd6 Qg7 30. Rg1 Qxe5 31. Qxh7# 1-0

[Event "Zaragoza Casablanca op 5th"]
[Site "Zaragoza"]
[Date "2011.12.23"]
[Round "1"]
[White "Gonzalez Azuara, Javier"]
[Black "Garza Marco, Sergio"]
[Result "0-1"]
[WhiteElo "1726"]
[BlackElo "2394"]
[PlyCount "56"]
[EventDate "2011.12.23"]
[EventType "swiss"]
[EventRounds "9"]
[EventCountry "ESP"]
[SourceTitle "CBM 146 Extra"]
[Source "ChessBase"]
[SourceDate "2012.02.29"]
[SourceVersion "1"]
[SourceVersionDate "2012.02.29"]
[SourceQuality "1"]

1. e4 d6 2. d4 Nf6 3. Nc3 g6 4. Bf4 Bg7 5. Be2 c6 6. e5 dxe5 7. dxe5 Nd5 8. Nxd5 cxd5 9. Nf3 Nc6 10. 0-0 0-0 11. Re1 Bg4 12. h3 Bxf3 13. Bxf3 e6 14. c3 Qc7 15. c4 dxc4 16. Bxc6 Qxc6 17. Qd6 Qxd6 18. exd6 Rfd8 19. Red1 Bxb2 20. Rab1 c3 21. Rd3 Rd7 22. Bc1 Bxc1 23. Rxc1 Rc8 24. Kf1 Rc6 25. Rdxc3 Rdxd6 26. Rxc6 Rxc6 27. Rxc6 bxc6 28. Ke2 Kf8 0-1